00722cam a2200241 4500001000800000005001700008008004100025010001700066040001800083041000800101043001200109080001900121082001900140100000700159101000800166245007300174350001100247504003000258906004500288942001200333999001700345952011800362268210820180215070846.0721017s1972 nyua bs 000 0 eng  a 74161907  aDLCcDLCdDLC aeng an-mx--- a330.972082 GRI00a330.972082 GRI1 a52 aEKO10aMexican monetary policy and economic developmentc[by] B. Griffiths. a$15.00 aBibliography: p. 155-161. a7bcbccorignewd2encipf19gy-gencatlg 2ddccBK c42656d42656 00102udc40708PËKGa002b002cPËKGd2018-02-15l0o330.972082 GRIp002-2998477r2018-02-15w2018-02-15yBK